| 000 | 00854cam a2200265 a 4500 | ||
|---|---|---|---|
| 001 | 1020154 | ||
| 003 | OSt | ||
| 005 | 20220512065949.0 | ||
| 008 | 880915s1989 nyu 001 0 eng | ||
| 010 | _a 88013935 | ||
| 020 | _a0887230059 | ||
| 040 |
_aMMU _cMMU _dMMU _beng |
||
| 043 | _an-us--- | ||
| 050 | 0 | 0 |
_aKF6297.Z9 _bB6 1989 |
| 082 | 0 | 0 |
_a343.73/04 _a347.3034 _219 |
| 245 | 0 | 4 | _aThe Book of tax knowledge. |
| 260 |
_aNew York, NY : _bBoardroom Classics, _cc1989. |
||
| 300 |
_axiii, 338 p. : _c29 cm. |
||
| 500 | _aIncludes index. | ||
| 650 | 0 |
_aTax planning _zUnited States _xPopular works. |
|
| 650 | 0 |
_aIncome tax _xLaw and legislation _zUnited States _xPopular works. |
|
| 906 |
_a7 _bcbc _corignew _d1 _eocip _f19 _gy-gencatlg |
||
| 942 |
_2lcc _cLOAN LOAN |
||
| 999 |
_c18143 _d18143 |
||